Perspektivní výměnníky tepla. Sborník přednášek ze stejnomenného semináře /

Gespeichert in:
Bibliographische Detailangaben
1. Verfasser: Hlavačka, V (xxx)
Weitere Verfasser: Nemčanský, J (xxx)
Format: Buch
Sprache:Tschechisch
Veröffentlicht: Praha : SVÚSS, 1990
Tags: Tag hinzufügen
Keine Tags, Fügen Sie das erste Tag hinzu!

MARC

LEADER 00000nam a22000003a 4500
001 stu30901
005 20150617225736.6
008 930125s1990----xr------------------cze-d
040 |a STU  |b slo 
041 0 |a cze 
044 |a xr 
080 |a 536.24 
100 1 |a Hlavačka, V  |4 xxx 
245 1 |a Perspektivní výměnníky tepla. Sborník přednášek ze stejnomenného semináře /  |c Hlavačka,V.,Odborn˜ garanti; Nemčanský,J 
260 |a Praha :  |b SVÚSS,  |c 1990 
300 |a Neuvedené s 
700 1 |a Nemčanský, J  |4 xxx 
996 |b J87422  |c J*87422  |l JJK11  |s P  |a 0  |w stu30901_0001 
996 |b J87423  |c J*87423  |l JJK11  |s P  |a 0  |w stu30901_0002